100 Premier League Appearances: Brighton Hove & Albion - Statistics

General Stats
  • This quiz has been taken 46 times
  • The average score is 5 of 13
Answers on the Grid
Answers color-coded by a green-red scale on the quiz's grid according to % correct below.
Marc Cucurella
Danny Wellbeck
Neal Maupay
Leandro Trossard
Bernardo
Joel Veltman
Lewis Dunk
Simon Adingra
Mathew Ryan
Pervis Estupian
Moises Caicedo
Dan Burn
Davy Pröpper
Jakub Moder
Joao Pedro
Anthony Knockaert
Pascal Groß
Yankuba Minteh
Jürgen Locadia
Brajan Gruda
Shane Duffy
Martin Montoya
Ben White
Billy Gilmour
Yves Bissouma
Aaron Mooy
Jose Izquierdo
Solly March
Tariq Lamptey
Adam Webster
 
Answer Stats
Answer % Correct
Lewis Dunk
73%
Danny Wellbeck
67%
Pascal Groß
53%
Joel Veltman
47%
Adam Webster
40%
Neal Maupay
40%
Solly March
40%
Leandro Trossard
20%
Shane Duffy
20%
Tariq Lamptey
20%
Mathew Ryan
13%
Yves Bissouma
13%
Davy Pröpper
7%
No matching quizzes found
Score Distribution
Percent of People with Each Score
Percentile by Number Answered
Your Score History
You have not taken this quiz